<?xml version="1.0" encoding="UTF-8"?>
<record
    xmlns:xsi="http://www.w3.org/2001/XMLSchema-instance"
    xsi:schemaLocation="http://www.loc.gov/MARC21/slim http://www.loc.gov/standards/marcxml/schema/MARC21slim.xsd"
    xmlns="http://www.loc.gov/MARC21/slim">

  <leader>01526nam a2200169   4500</leader>
  <controlfield tag="005">20220917111422.0</controlfield>
  <controlfield tag="008">220917b           ||||| |||| 00| 0 eng d</controlfield>
  <datafield tag="022" ind1=" " ind2=" ">
    <subfield code="a">0974-9306</subfield>
  </datafield>
  <datafield tag="040" ind1=" " ind2=" ">
    <subfield code="c">AL</subfield>
  </datafield>
  <datafield tag="041" ind1=" " ind2=" ">
    <subfield code="a">eng</subfield>
  </datafield>
  <datafield tag="245" ind1=" " ind2=" ">
    <subfield code="a">Journal of Infrastructure Development</subfield>
  </datafield>
  <datafield tag="260" ind1=" " ind2=" ">
    <subfield code="a">Los Angeles</subfield>
    <subfield code="b">Sage Publications</subfield>
  </datafield>
  <datafield tag="500" ind1=" " ind2=" ">
    <subfield code="a">The purpose of this peer-reviewed journal is to carry out informed public debates on infrastructure policy, given that in most developing countries, infrastructure is as much related to policy as it is to markets. This journal provides a platform for healthy trade and debate regarding new ideas in the infrastructure sector. The journal looks at issues and concerns regarding infrastructure in India and in other countries in the world. Infrastructure includes physical, social, economic and financial infrastructure as well as what we can loosely term market infrastructure (enabling environments like extension services in agriculture and proper commercial laws). The journal also looks at infrastructure issues specific to other countries at present but that may be relevant to India at a later date.
This is a policy journal and, hence, deals with issues that are of immediate relevance in the area of infrastructure. Although the journal focuses on issues topical to India, its reach and interest is outside India as well.</subfield>
  </datafield>
  <datafield tag="650" ind1=" " ind2=" ">
    <subfield code="2">Economics </subfield>
    <subfield code="a">Planning; development</subfield>
    <subfield code="9">57812</subfield>
  </datafield>
  <datafield tag="856" ind1=" " ind2=" ">
    <subfield code="a">https://us.sagepub.com/en-us/nam/journal/journal-infrastructure-development</subfield>
  </datafield>
  <datafield tag="942" ind1=" " ind2=" ">
    <subfield code="2">ddc</subfield>
    <subfield code="c">PR</subfield>
    <subfield code="s">1</subfield>
  </datafield>
  <datafield tag="999" ind1=" " ind2=" ">
    <subfield code="c">224616</subfield>
    <subfield code="d">224616</subfield>
  </datafield>
  <datafield tag="952" ind1=" " ind2=" ">
    <subfield code="0">0</subfield>
    <subfield code="1">0</subfield>
    <subfield code="2">ddc</subfield>
    <subfield code="4">0</subfield>
    <subfield code="7">1</subfield>
    <subfield code="8">ECO</subfield>
    <subfield code="a">SACPG</subfield>
    <subfield code="b">SACPG</subfield>
    <subfield code="c">PS</subfield>
    <subfield code="d">2022-09-17</subfield>
    <subfield code="l">0</subfield>
    <subfield code="p">PR39</subfield>
    <subfield code="r">2022-09-17 00:00:00</subfield>
    <subfield code="w">2022-09-17</subfield>
    <subfield code="y">PR</subfield>
  </datafield>
</record>
